Statistics for Countries of Europe quiz (plus historicals)

Click here to take the quiz!

General Stats

  • This quiz has been taken 14 times
  • The average score is 12 of 16

Answer Stats

Answer% Correct
austria
100%
france
100%
germany
100%
moldova
92%
norway
92%
spain
92%
ukraine
92%
vatican
92%
Hungary
83%
serbia
83%
ussr
83%
west germany
67%
ottoman empire
58%
Sparta
33%
venice
33%
lichenstein
17%

Score Distribution

Percentile by Number Answered

Percent of People with Each Score

Your Score History

You have not taken this quiz